logo

Sociología de los yihadistas contemporáneos (Record no. 16663)

MARC details
000 -CABECERA
campo de control de longitud fija 00810nam a22002057a 4500
003 - IDENTIFICADOR DEL NÚMERO DE CONTROL
campo de control ES-MaBCA
005 - FECHA Y HORA DE LA ÚLTIMA TRANSACCIÓN
campo de control 20150716205752.0
008 - CÓDIGOS DE INFORMACIÓN DE LONGITUD FIJA
campo de control de longitud fija 150716b xxu||||| |||| 00| 0 eng d
040 ## - FUENTE DE LA CATALOGACIÓN
Centro transcriptor ES-MaBCA
100 ## - PUNTO DE ACCESO PRINCIPAL - NOMBRE DE PERSONA
9 (RLIN) 13480
Nombre de persona Adraoui, Mohamed-Ali
245 ## - MENCIÓN DE TÍTULO
Título Sociología de los yihadistas contemporáneos
260 ## - PUBLICACIÓN, DISTRIBUCIÓN, ETC. (PIE DE IMPRENTA)
Nombre del editor distribuidor etc. Afkar/Ideas
Fecha de publicación distribución etc. 2015
300 ## - DESCRIPCIÓN FÍSICA
Extensión 3 p.
Tipo de unidad Recurso online
490 ## - MENCIÓN DE SERIE
Mención de serie AFKAR / IDEAS nº 45 - Primavera 2015
520 ## - SUMARIO, ETC.
Sumario etc. Las trayectorias de los autores de los ataques se originan<br/>en determinadas patologías sociales, pero también<br/>en reacciones identitarias y dinámicas transnacionales.
650 #0 - PUNTO DE ACCESO ADICIONAL DE MATERIA--TÉRMINO DE MATERIA
9 (RLIN) 1905
Término de materia o nombre geográfico como elemento inicial Yihad
650 #0 - PUNTO DE ACCESO ADICIONAL DE MATERIA--TÉRMINO DE MATERIA
Fuente del encabezamiento o término embne
9 (RLIN) 9044
Término de materia o nombre geográfico como elemento inicial Sociología
856 4# - LOCALIZACIÓN Y ACCESO ELECTRÓNICOS
Identificador Uniforme del Recurso (URI) <a href="http://www.politicaexterior.com/articulos/afkar-ideas/sociologia-de-los-yihadistas-contemporaneos/">http://www.politicaexterior.com/articulos/afkar-ideas/sociologia-de-los-yihadistas-contemporaneos/</a>
942 ## - ELEMENTOS DE PUNTO DE ACCESO ADICIONAL (KOHA)
Fuente del sistema de clasificación o colocación Universal Decimal Classification
Tipo de ítem Koha Artículos
Holdings
Estado de retiro Estado de pérdida Fuente del sistema de clasificación o colocación Estado dañado No para préstamo Código de colección Localización permanente Ubicación/localización actual Fecha de adquisición Total de préstamos Código de barras Fecha visto por última vez Precio válido a partir de Tipo de ítem Koha
    Universal Decimal Classification     Biblioteca Digital Centro de Análisis y Prospectiva de la Guardia Civil Centro de Análisis y Prospectiva de la Guardia Civil 16/07/2015   2014865 16/07/2015 16/07/2015 Artículos